Implementación del sistema web de gestión de inventario de materiales y equipos de redes de la Institución Corte Suprema de Justicia (Poder Judicial), Managua
Presenta la Implementación del sistema web de gestión de inventario de materiales y equipos de redes de la corte suprema de justicia, con el propósito de analizar, desarrollar e implementar el sistema web que ayudara a la oficina de implantación de tecnología a realizar de una manera eficiente...
| Main Authors: | , |
|---|---|
| Other Authors: | |
| Format: | Tesis Section = Libro |
| Language: | Undetermined Spanish |
| Published: |
Managua
UNI
2021
|
| Subjects: |
| LEADER | 01271nam a2200277Ia 4500 | ||
|---|---|---|---|
| 008 | 240830s9999 xx 000 0 und d | ||
| 040 | |a BIBLIOTECA-RUSB/ Mon 005.1 A284 | ||
| 041 | |a spa | ||
| 082 | |a Mon 005.1 A284 | ||
| 100 | 1 | |a Aguirre, Roberto Antonio | |
| 100 | 1 | |b Polanco Moreno, Israel | |
| 245 | 1 | 0 | |a Implementación del sistema web de gestión de inventario de materiales y equipos de redes de la Institución Corte Suprema de Justicia (Poder Judicial), Managua |
| 260 | |a Managua |b UNI |c 2021 | ||
| 300 | |a 105 p.:il. | ||
| 500 | |a Incluye anexos y CD. | ||
| 502 | |a Tesis (Ingeniero en Computación) - UNI, 2021. | ||
| 520 | 3 | |a Presenta la Implementación del sistema web de gestión de inventario de materiales y equipos de redes de la corte suprema de justicia, con el propósito de analizar, desarrollar e implementar el sistema web que ayudara a la oficina de implantación de tecnología a realizar de una manera eficiente todos los procesos y actividades de trabajo. | |
| 650 | 7 | |a SISTEMA WEB | |
| 650 | 7 | |b GESTION DE INVENTARIO | |
| 650 | 7 | |c DESARROLLO DE SOFTWARE | |
| 650 | 7 | |d TECNOLOGIA DE REDES. | |
| 650 | 7 | |e LENGUAJE MODELADO | |
| 700 | 1 | |a Tutor: |b Chávez Mairena, Luis Eduardo | |
| 942 | |c BK |2 ddc | ||
| 991 | |a TESIS | ||
| 999 | |c 22257 | ||